PRINCIPLES OF COMPILER DESIGN (Record no. 21108)

MARC details
000 -LEADER
fixed length control field 00360nam a22001577a 4500
003 - CONTROL NUMBER IDENTIFIER
control field SGT
020 ## - INTERNATIONAL STANDARD BOOK NUMBER
International Standard Book Number 9788185015613
082 ## - DEWEY DECIMAL CLASSIFICATION NUMBER
Classification number 005.453,AHO
100 ## - MAIN ENTRY--PERSONAL NAME
Personal name AHO,ALFRED.V
245 ## - TITLE STATEMENT
Title PRINCIPLES OF COMPILER DESIGN
250 ## - EDITION STATEMENT
Edition statement 25TH
260 ## - PUBLICATION, DISTRIBUTION, ETC. (IMPRINT)
Place of publication, distribution, etc NEW DELHI
Name of publisher, distributor, etc NAROSA PUBLISHING
Year of Publication 2002
300 ## - PAGE DESCRIPTION
No. of Pages 612
650 ## - SUBJECT ADDED ENTRY--TOPICAL TERM
Topical term or geographic name as entry element COMPUTER SCIENCE
942 ## - ADDED ENTRY ELEMENTS (KOHA)
Source of classification or shelving scheme Dewey Decimal Classification
Koha item type Books
942 ## - ADDED ENTRY ELEMENTS (KOHA)
-- 4
Holdings
Withdrawn status Lost status Source of classification or shelving scheme Damaged status Use restrictions Not for loan Collection code Home library Current library Shelving location Date acquired Vendor Name Cost, normal purchase price SGTU Bill Number Total Checkouts Full call number Accession No. (Barcode) Date last seen Date last borrowed Bill Date Koha item type
    Dewey Decimal Classification   Restricted Access Not For Loan ENGINEERING SGT Engineering Library SGT Engineering Library Reference Book 28/04/2021 KIRTI PRAKASHAN 510.00 SGTU IN1949 1 005.453,AHO FE8149 09/05/2022 27/04/2022 27/03/2021 Books
    Dewey Decimal Classification       ENGINEERING SGT Engineering Library SGT Engineering Library Text Book 28/04/2021 KIRTI PRAKASHAN 510.00 SGTU IN1949 4 005.453,AHO FE8150 25/04/2025 24/04/2025 27/03/2021 Books